| 000 | 00565nam a2200157Ia 4500 | ||
|---|---|---|---|
| 008 | 170221s9999 xx 000 0 und d | ||
| 100 | _aChad Edward | ||
| 245 | _aConfirmation and Community The Relationships between Teacher Confirmation, Classroom Community, Student Motivation, and Learning | ||
| 245 | _cChad Edwards Autumn Edwards Amanda Torrens Angela Beck | ||
| 260 | _bOnline Journal of Communication and Media Technologies | ||
| 260 | _c2011 | ||
| 300 | _a1 : 4 | ||
| 650 | _xCommunication | ||
| 650 | _xMedia Arts | ||
| 856 | _uhttp://www.ojcmt.net/ | ||
| 999 |
_c307340 _d307340 |
||